Memoria de las Reuniones del Consejo Superior Universitario Centroamericano: 1949-1950

Recopila las actas y otros documentos relacionados con las sesiones celebradas por el CSUCA entre 1949-1959. Da cuenta de los antecedentes y resoluciones del primer congreso universitario centroamericano reunido en San Salvador en setiembre de 1948, el cual creó la Confederación Universitaria Centro...

Descripció completa

Guardat en:
Dades bibliogràfiques
Autor corporatiu: CSUCA
Format: Text
Publicat: León: CSUCA
Etiquetes: Afegir etiqueta
Sense etiquetes, Sigues el primer a etiquetar aquest registre!

MARC

LEADER 00000 a a2200000 04500
001 20621
003
040
090 |a 087100  
110 |a CSUCA  
245 |a Memoria de las Reuniones del Consejo Superior Universitario Centroamericano: 1949-1950  
260 |a León:   |b CSUCA  
300 |a 227 p.  
520 |a Recopila las actas y otros documentos relacionados con las sesiones celebradas por el CSUCA entre 1949-1959. Da cuenta de los antecedentes y resoluciones del primer congreso universitario centroamericano reunido en San Salvador en setiembre de 1948, el cual creó la Confederación Universitaria Centroaméricana, cuya máxima autoridad es el CSUCA. Contiene las actas de las reuniones ordinarias y extraordinarias y un anexo con los proyectos básicos mínimos de estudios que, en diferentes reuniones, han preparado y discutido las universidades de la región./ACM  
999 |c 10704  |d 10704